[Event "GER-ch U10"]
[Site "Willingen"]
[Date "2009.06.05"]
[Round "10"]
[White "Huemmecke, Sarah"]
[Black "Balzer, Alexander"]
[Result "1-0"]
[WhiteElo "979"]
[BlackElo "1229"]
[PlyCount "125"]
[EventDate "2009.05.30"]
[EventType "swiss"]
[EventRounds "11"]
[EventCountry "GER"]
[SourceTitle "EXT 2010"]
[Source "ChessBase"]
[SourceDate "2010.11.25"]
[SourceVersion "1"]
[SourceVersionDate "2010.11.25"]
[SourceQuality "1"]

1. e4 c5 2. c3 e5 3. Nf3 d6 4. d4 cxd4 5. cxd4 f6 6. Nc3 Bg4 7. Be2 Nc6 8. d5 Bxf3 9. Bxf3 Nd4 10. 0-0 Ne7 11. Be3 Nxf3+ 12. Qxf3 Ng6 13. Rac1 Rc8 14. Nb5 Rxc1 15. Rxc1 Qa5 16. Nc7+ Kf7 17. Qf5 Ne7 18. Qe6+ Kg6 19. g4 h6 20. a3 Kh7 21. Qf7 Ng6 22. Rc3 Rg8 23. Ne8 Be7 24. h4 Qd8 25. h5 Qxe8 26. hxg6+ Kh8 27. Rc7 Bd8 28. Rxb7 a6 29. Bxh6 Qxf7 30. Rxf7 Bb6 31. Rd7 Bc5 32. Bd2 Rc8 33. Bb4 Kg8 34. Bxc5 dxc5 35. Rd6 Kf8 36. Rxa6 Rb8 37. Rc6 Rxb2 38. Rxc5 Rb1+ 39. Kg2 Rd1 40. a4 Ke7 41. Rc7+ Kf8 42. a5 Ra1 43. Ra7 Ke8 44. Rxg7 Rxa5 45. Rf7 Ra6 46. Kg3 Ra3+ 47. f3 Ra6 48. Rb7 Kf8 49. g7+ Kg8 50. Kh4 Ra3 51. Kh5 Ra6 52. Rc7 Rd6 53. Kg6 f5+ 54. Kxf5 Rh6 55. Kxe5 Rh7 56. d6 Rh1 57. f4 Ra1 58. Kf6 Ra8 59. d7 Ra6+ 60. Ke7 Kxg7 61. d8Q Ra4 62. Ke6+ Kg6 63. Qf6# 1-0

[Event "GER-ch U10"]
[Site "Willingen"]
[Date "2009.06.05"]
[Round "9"]
[White "Nobis, Anna"]
[Black "Huemmecke, Sarah"]
[Result "1-0"]
[WhiteElo "1269"]
[BlackElo "979"]
[PlyCount "57"]
[EventDate "2009.05.30"]
[EventType "swiss"]
[EventRounds "11"]
[EventCountry "GER"]
[SourceTitle "EXT 2010"]
[Source "ChessBase"]
[SourceDate "2010.11.25"]
[SourceVersion "1"]
[SourceVersionDate "2010.11.25"]
[SourceQuality "1"]

1. e4 e5 2. Nf3 Nc6 3. Bc4 Nf6 4. d3 Bc5 5. 0-0 a6 6. Nbd2 h6 7. h3 d6 8. c3 0-0 9. Re1 Re8 10. Nf1 Be6 11. Bb3 b5 12. Ng3 a5 13. Bc2 a4 14. d4 Ba7 15. d5 Bxd5 16. exd5 Ne7 17. Bd3 Rb8 18. c4 bxc4 19. Bxc4 Rb4 20. b3 Nc8 21. Ba3 Rb8 22. bxa4 Nb6 23. Bb3 e4 24. Nd2 Nfxd5 25. Ndxe4 Ne7 26. Qg4 Kh8 27. Bb2 f6 28. Nxf6 Rf8 29. Nfh5 1-0

[Event "GER-ch U10"]
[Site "Willingen"]
[Date "2009.06.03"]
[Round "6"]
[White "Huemmecke, Sarah"]
[Black "Baberz, Alexander"]
[Result "1/2-1/2"]
[WhiteElo "979"]
[BlackElo "1268"]
[PlyCount "28"]
[EventDate "2009.05.30"]
[EventType "swiss"]
[EventRounds "11"]
[EventCountry "GER"]
[SourceTitle "EXT 2010"]
[Source "ChessBase"]
[SourceDate "2010.11.25"]
[SourceVersion "1"]
[SourceVersionDate "2010.11.25"]
[SourceQuality "1"]

1. e4 c5 2. c3 d5 3. exd5 Qxd5 4. d4 cxd4 5. cxd4 e6 6. Nf3 Nf6 7. Nc3 Qd8 8. Bd3 Be7 9. 0-0 0-0 10. Be3 Nc6 11. Qe2 Ng4 12. h3 Nxe3 13. fxe3 h6 14. Rad1 Bd7 1/2-1/2

[Event "GER-ch U10"]
[Site "Willingen"]
[Date "2009.06.01"]
[Round "4"]
[White "Huemmecke, Sarah"]
[Black "Sadewasser, Lucie"]
[Result "1-0"]
[WhiteElo "979"]
[BlackElo "989"]
[PlyCount "101"]
[EventDate "2009.05.30"]
[EventType "swiss"]
[EventRounds "11"]
[EventCountry "GER"]
[SourceTitle "EXT 2010"]
[Source "ChessBase"]
[SourceDate "2010.11.25"]
[SourceVersion "1"]
[SourceVersionDate "2010.11.25"]
[SourceQuality "1"]

1. e4 e5 2. Nf3 Nc6 3. Bb5 a6 4. Bxc6 dxc6 5. Nc3 Nf6 6. d4 exd4 7. Qxd4 Qxd4 8. Nxd4 Bb4 9. Bd2 Bxc3 10. Bxc3 Nxe4 11. Bd2 Nxd2 12. Kxd2 0-0 13. Rad1 Bg4 14. f3 Rad8 15. Kc1 c5 16. Nb3 Rxd1+ 17. Rxd1 Be6 18. Nxc5 Bxa2 19. b3 b6 20. Nxa6 Ra8 21. Nxc7 Rc8 22. Kb2 g6 23. Nd5 Ra8 24. Nxb6 Rb8 25. Nd7 Ra8 26. Ra1 Rd8 27. Nc5 Rd2 28. Rxa2 Rxg2 29. b4 Rxh2 30. Ra8+ Kg7 31. b5 Rh5 32. Rc8 Rh4 33. Kb3 Rh3 34. c3 Rxf3 35. b6 Rf6 36. b7 Rb6+ 37. Kc4 h5 38. b8Q Rxb8 39. Rxb8 h4 40. Rb2 g5 41. Ne4 Kg6 42. Rf2 h3 43. Nxg5 Kxg5 44. Rxf7 Kg4 45. Rh7 Kg3 46. Rxh3+ Kxh3 47. Kd4 Kg4 48. Kd5 Kf5 49. c4 Kf6 50. Kd6 Kf7 51. Kd7 1-0

[Event "GER-ch U10"]
[Site "Willingen"]
[Date "2009.06.01"]
[Round "3"]
[White "Hutton, Jim"]
[Black "Huemmecke, Sarah"]
[Result "1-0"]
[WhiteElo "1167"]
[BlackElo "979"]
[PlyCount "89"]
[EventDate "2009.05.30"]
[EventType "swiss"]
[EventRounds "11"]
[EventCountry "GER"]
[SourceTitle "EXT 2010"]
[Source "ChessBase"]
[SourceDate "2010.11.25"]
[SourceVersion "1"]
[SourceVersionDate "2010.11.25"]
[SourceQuality "1"]

1. e4 e5 2. Nf3 Nc6 3. Bb5 a6 4. Ba4 d6 5. 0-0 Bg4 6. h3 h5 7. c3 Bd7 8. d4 b5 9. Bb3 Nf6 10. Re1 a5 11. d5 Na7 12. Be3 c6 13. Bg5 c5 14. a4 c4 15. Bc2 Rb8 16. axb5 Rxb5 17. Ba4 Rb7 18. Bxd7+ Rxd7 19. Qa4 Qc7 20. Qxa5 Qxa5 21. Rxa5 Rb7 22. Nbd2 Rc7 23. Rea1 Nc8 24. Bxf6 gxf6 25. R1a4 Nb6 26. Rb4 Nc8 27. Nxc4 Rg8 28. Nb6 Na7 29. Rba4 Nc8 30. Nxc8 Rxc8 31. c4 Kd8 32. Nd2 Kc7 33. Ra7+ Kd8 34. b4 Ke8 35. b5 Be7 36. Rb4 Bd8 37. b6 Rb8 38. b7 Kd7 39. Ra8 Rxb7 40. Rxb7+ Ke8 41. Nb3 h4 42. Na5 Kf8 43. Rxd8+ Kg7 44. Rxg8+ Kxg8 45. Rd7 1-0

[Event "GER-ch U10"]
[Site "Willingen"]
[Date "2008.05.11"]
[Round "9"]
[White "Huemmecke, Sarah"]
[Black "Buttgereit, Vincent"]
[Result "0-1"]
[WhiteElo "997"]
[BlackElo "928"]
[PlyCount "88"]
[EventDate "2008.05.11"]
[EventType "swiss"]
[EventRounds "11"]
[EventCountry "GER"]
[SourceTitle "CBM 124 Extra"]
[Source "ChessBase"]
[SourceDate "2008.07.03"]
[SourceVersion "1"]
[SourceVersionDate "2008.07.03"]
[SourceQuality "1"]

1. e4 e5 2. Nf3 Nc6 3. d4 exd4 4. Nxd4 Nf6 5. Nxc6 bxc6 6. Bg5 Bc5 7. Bc4 h6 8. Bxf6 Qxf6 9. Qe2 Qxb2 10. 0-0 Qxa1 11. Qf3 Qf6 12. Qe2 0-0 13. e5 Qg5 14. Kh1 Re8 15. f4 Qh4 16. g3 Qh3 17. Bd3 d6 18. Qe4 Bf5 19. Qxf5 Qxf5 20. Bxf5 dxe5 21. Be4 Re6 22. f5 Rd6 23. Nc3 Rad8 24. Bf3 Rd2 25. Bd1 Bb4 26. Ne4 Rxd1 27. Rxd1 Rxd1+ 28. Kg2 Re1 29. Nf2 Re2 30. Kf3 Rxc2 31. Nd3 Be1 32. Nxe1 Rxa2 33. Ke4 Re2+ 34. Kd3 Rxe1 35. Kc3 Rb1 36. Kc4 a5 37. Kc3 a4 38. Kc2 Rb8 39. Kc1 a3 40. Kc2 a2 41. f6 a1Q 42. fxg7 Qa3 43. h3 Rb2+ 44. Kd1 Qa1# 0-1